UM Logo

Teaching literature in times of crisis/ (Record no. 16805)

MARC details
000 -LEADER
fixed length control field 00610nam a22001817a 4500
008 - FIXED-LENGTH DATA ELEMENTS--GENERAL INFORMATION
fixed length control field 220406b ||||| |||| 00| 0 eng d
020 ## - INTERNATIONAL STANDARD BOOK NUMBER
International Standard Book Number 9780367637996
082 ## - DEWEY DECIMAL CLASSIFICATION NUMBER
Edition number 2021
Classification number DC 807.1
Item number Ah47
100 ## - MAIN ENTRY--PERSONAL NAME
Personal name Ahlberg, Sofia, author
9 (RLIN) 44950
245 ## - TITLE STATEMENT
Title Teaching literature in times of crisis/
Statement of responsibility, etc. Sofia Ahlberg
260 ## - PUBLICATION, DISTRIBUTION, ETC. (IMPRINT)
Place of publication, distribution, etc. Oxon:
Name of publisher, distributor, etc. Routledge,
Date of publication, distribution, etc. 2021.
300 ## - PHYSICAL DESCRIPTION
Extent ix, 105 pages;
Dimensions 23 cm.
500 ## - GENERAL NOTE
General note Includes bibliographical references and index.
650 ## - SUBJECT ADDED ENTRY--TOPICAL TERM
Topical term or geographic name as entry element Literature -- Study and teaching
9 (RLIN) 44951
650 ## - SUBJECT ADDED ENTRY--TOPICAL TERM
Topical term or geographic name as entry element Crisis -- Social aspects
9 (RLIN) 44952
650 ## - SUBJECT ADDED ENTRY--TOPICAL TERM
Topical term or geographic name as entry element Literature and society
9 (RLIN) 44953
942 ## - ADDED ENTRY ELEMENTS (KOHA)
Source of classification or shelving scheme Dewey Decimal Classification
Koha item type Circulation
Holdings
Withdrawn status Lost status Source of classification or shelving scheme Damaged status Not for loan Collection code Home library Current library Date acquired Source of acquisition Cost, normal purchase price Total Checkouts Full call number Barcode Date last seen Price effective from Koha item type
    Dewey Decimal Classification     Circulation UM Digos College - LIC UM Digos College - LIC 02/10/2022 Purchased 3749.00   DC 807.1 Ah47 2021 26529 05/15/2025 04/06/2022 Circulation